Songs Covered In Glee: Season One Quiz Stats

Quiz not verified by Sporcle

Challenge
Share
Tweet
Embed
Score 0/130 Timer 10:00
0 Plays Today
Version Covered/Who Sings It On Glee Song % Correct
Les Misérables/Rachel BerryOn My Own
87.7%
Katy Perry/Tina Cohen-ChangI Kissed A Girl
86.9%
Journey/New DirectionsDon't Stop Believin'
83.6%
Journey/Haverbrook Deaf ChoirDon't Stop Believin'
83.6%
Journey/New DirectionsDon't Stop Believin'
83.6%
Aretha Franklin/Mercedes JonesRespect
82%
REO Speedwagon/Finn HudsonCan't Fight This Feeling
82%
Chicago/Kurt HummelMr. Cellophane
81.1%
Amy Winehouse/Vocal AdrenalineRehab
80.3%
Salt-n-Pepa/New DirectionsPush It
77%
Grease/New DirectionsYou're the One That I Want
76.2%
Grease/Rachel Berry and Finn HudsonYou're the One That I Want
76.2%
Kanye West feat. Jamie Foxx/Will Schuester and New DirectionsGold Digger
74.6%
Oliver!/Hank Saunders and Sandy RyersonWhere Is Love?
73.8%
Dionne Warwick/Quinn Fabray with Santana Lopez and Brittany PierceI Say a Little Prayer
72.1%
Rihanna/Rachel Berry with Mercedes Jones and Tina Cohen-ChangTake a Bow
71.3%
Neil Diamond/Puck and New DirectionsSweet Caroline
69.7%
Wicked/Kurt Hummel and Rachel BerryDefying Gravity
67.2%
Queen/New DirectionsSomebody to Love
63.9%
Ike and Tina Turner/New DirectionsProud Mary
63.9%
Ike and Tina Turner/Jane Addams Girls ChoirProud Mary
63.9%
Chic/New DirectionsLe Freak
63.1%
Lionel Richie and Diana Ross/Rachel Berry and Will SchuesterEndless Love
63.1%
Beyoncé; Katrina and the Waves/New Directions femalesHalo|Walking on Sunshine
62.3%
Sisqó/WIll SchuesterThong Song
62.3%
My Fair Lady/Emma PillsburyI Could Have Danced All Night
62.3%
Duffy/Vocal AdrenalineMercy
61.5%
Jordin Sparks and Chris Brown/Rachel Berry and Finn Hudson with New DirectionsNo Air
61.5%
The Pretenders/Finn HudsonI'll Stand by You
61.5%
Jazmine Sullavan/Mercedes JonesBust your Windows
60.7%
Carrie Underwood/April Rhodes and New DirectionsLast Name
60.7%
Jennifer Paige/Rachel BerryCrush
59.8%
Guys and Dolls/New DirectionsSit Down, You're Rockin' the Boat
59%
Peter, Paul and Mary/Will SchuesterLeaving On a Jet Plane
59%
Cabaret/April Rhodes and Rachel BerryMaybe This Time
59%
Jill Scott/Mercedes Jones, Tina Cohen-Chang and New Directions: Sue's KidsHate on Me
59%
Céline Dion/Rachel BerryTaking Chances
58.2%
West Side Story/Tina Cohen-ChangTonight
58.2%
Avril Lavigne/New DirectionsKeep Holding On
58.2%
John Lennon/Haverbrook Deaf Choir and New DirectionsImagine
58.2%
Cyndi Lauper/Tina Cohen-Chang and New DirectionsTrue Colors
58.2%
Heart/April Rhodes and Will SchuesterAlone
57.4%
Vanilla Ice/Will Schuester and New DirectionsIce Ice Baby
57.4%
Lily Allen/Rachel Berry and Finn HudsonSmile
56.6%
Version Covered/Who Sings It On Glee Song % Correct
Charlie Chaplin/New DirectionsSmile
56.6%
Bill Withers/New DirectionsLean on Me
55.7%
Journey/Young Finn Hudsen and DarrenLovin', Touchin', Squeezin'
54.9%
Color Me Badd/AcafellasI Wanna Sex You Up
54.9%
Van Halen/New DirectionsJump
54.9%
Christina Aguilera/Mercedes Jones and New DirectionsBeautiful
54.9%
Young MC/Will Schuester and New DirectionsBust a Move
54.1%
Destiny's Child/Jane Addams Girls ChoirBootylicious
54.1%
Funny Girl/Rachel BerryDon't Rain on My Parade
54.1%
Nelly feat. City Spud/New DirectionsRide wit Me
53.3%
Nouvelle Vague/Artie AbramsDancing With Myself
53.3%
Eric Carmen/Emma PillsburyAll By Myself
52.5%
U2/Rachel Berry, Sean Fretthold and New DirectionsOne
52.5%
The Supremes/Quinn FabrayYou Keep Me Hangin' On
51.6%
Madonna/Quinn Fabray and PuckPapa Don't Preach
51.6%
Kelly Clarkson/New DirectionsMy Life Would Suck Without You
51.6%
Lionel Richie/Rachel Berry and Jesse St. JamesHello
51.6%
Bruce Springsteen/April Rhodes and Will SchuesterFire
50.8%
Bell Biv DeVoe/AcafellasPoison
50%
The Wiz/April Rhodes and New DirectionsHome
50%
The Rolling Stones/New DirectionsYou Can't Always Get What You Want
49.2%
Madonna/Sue SylvesterVogue
49.2%
Madonna/Finn Hudson and Santana Lopez; Will Schuester and Emma Pillsbury; Rachel Berry and Jesse St. JamesLike a Virgin
49.2%
Olivia Newton/John/Sue Sylvester and Olivia Newton-JohnPhysical
49.2%
The Police; Gary Puckett & The Union Gap/Will SchuesterDon't Stand So Close to Me|Young Girl
48.4%
The All-American Rejects/Rachel Berry and New DirectionsGives You Hell
48.4%
Madonna/New DirectionsLike a Prayer
48.4%
Christina Aguilera/Rachel BerryWhat A Girl Wants
47.5%
Dionne Warwick/Kurt Hummel and Finn HudsonA House Is Not a Home
47.5%
The Beatles/New DirectionsHello, Goodbye
46.7%
MC Hammer/Artie Abrams, Kurt Hummel, Mercedes Jones, Tina Cohen-Chang, and Brittany PierceU Can't Touch This
46.7%
Bonnie Tyler/Rachel Berry, Finn Hudson, Jesse St. James and PuckTotal Eclipse of the Heart
46.7%
David Geddes/Rachel Berry, Finn Hudson, Jesse St. James, Puck, Santana Lopez, Brittany Pierce and Sandy RyersonRun Joey Run
45.9%
Cabaret/Rachel BerryCabaret
45.1%
Bon Jovi; Usher/New Directions malesIt's My Life|Confessions Part II
45.1%
Beyoncé feat. Jay-Z; Hair/New DirectionsCrazy in Love|Hair
45.1%
Madonna feat. Justin Timberlake and Timbaland/Kurt Hummel and Mercedes Jones4 Minutes
45.1%
Montell Jordan/AcafellasThis Is How We Do It
44.3%
Madonna/New Directions femalesExpress Yourself
44.3%
Paul Anka and Odia Coates/Finn Hudson(You're) Having My Baby
43.4%
KC and the Sunshine Band/McKinley High Glee Club-1993That's the Way (I Like It)
42.6%
Miley Cyrus/Rachel BerryThe Climb
41%
Beyoncé/Kurt Hummel with Tina Cohen-Chang and Brittany Pierce; McKinley High football teamSingle Ladies (Put A RIng on It)
40.2%
Dreamgirls/Mercedes JonesAnd I Am Telling You I'm Not Going
40.2%
Version Covered/Who Sings It On Glee Song % Correct
Dreamgirls/Jane Addams Girls ChoirAnd I Am Telling You I'm Not Going
40.2%
AC/DC/Vocal AdrenalineHighway to Hell
40.2%
Louis Armstrong/Rachel BerryWhen You're Smiling
39.3%
The Doors/Finn HudsonHello, I Love You
39.3%
Lady Gaga/New Directions females with Kurt HummelBad Romance
39.3%
Dionne Warwick/Mercedes JonesDon't Make Me Over
38.5%
Aerosmith/Will Shuester and Bryan RyanDream On
38.5%
Anon/AcafellasFor He's a Jolly Good Fellow
37.7%
Brandy and Monica/Mercedes Jones and Santana LopezThe Boy is Mine
36.9%
Rick Springfield/Finn HudsonJessie's Girl
36.1%
Gypsy: A Musical Fable/Kurt HummelRose's Turn
36.1%
Barbra Streissand/April Rhodes and Will SchusterOne Less Bell to Answer|A House Is Not a Home
35.2%
John Mellencamp/Kurt HummelPink Houses
35.2%
Journey/Rachel Berry, Finn Hudson and New DirectionsFaithfully
35.2%
Sammy Davis, Jr./Puck and Mercedes JonesThe Lady Is a Tramp
34.4%
Madonna/Will Schuester and New Directions malesWhat It Feels Like for a Girl
33.6%
Lady Gaga/Rachel Berry and Shelby CorcoranPoker Face
33.6%
Louis Prima/Sue Sylvester and Will SchuesterSing, Sing, Sing (With a Swing)
32.8%
KC and the Sunshine Band/McKinley High Glee Club-1993(Shake, Shake, Shake) Shake Your Booty
32%
Madonna/Rachel Berry and Finn HudsonOpen Your Heart|Borderline
32%
Men Without Hats/Artie AbramsThe Safety Dance
32%
Neil Diamond/Will SchuesterHello Again
30.3%
Les Misérables/Rachel Berry and Shelby CocoranI Dreamed a Dream
30.3%
Barbra Streisnd/Shelby CorcoranFunny Girl
30.3%
Kiss/New Dirctions males except Kurt HummelBeth
30.3%
Kiss/New Directions males except Kurt HummelShout it Out Loud
29.5%
Beck/Puck, Finn Hudson, Sandy Ryerson, Howard Bamboo and Terri SchuesterLoser
29.5%
Billy Joel/Will Schuester and Bryan RyanPiano Man
28.7%
Queen/Vocal AdrenalineBohemian Rhapsody
28.7%
Madonna/McKinley High CheeriosRay of Light
27.9%
James Brown/Quinn FabrayIt's a Man's Man's Man's World
27.9%
The Mamas and the Papas/Artie Abrams and New DirectionsDream a Little Dream of Me
27%
Queen/Vocal AdrenalineAnother One Bites the Dust
26.2%
Parliament/New DirectionsGive Up the Funk
26.2%
The Monkees/Bryan RyanDaydream Believer
25.4%
Journey/New DirectionsAny Way You Want It|Lovin', Touchin', Squeezin'
25.4%
Sweet Charity/Auditioning womanBig Spender
24.6%
Marky Mark and the Funky Bunch feat. Loleatta Holloway/Puck, Finn Hudson and Mercedes JonesGood Vibrations
24.6%
Lulu/New DirectionsTo Sir, with Love
24.6%
Israel Kamakawiwo'ole/Will Schuester and PuckOver the Rainbow
24.6%
Rufus and Chaka Khan/Will SchuesterTell Me Something Good
23.8%
Josh Groban/Olivia Newton-John/Aural IntensityYou Raise Me Up|Magic
18%

You're not logged in!

Compare scores with friends on all Sporcle quizzes.
Join for Free
OR
Log In

You Might Also Like...

Show Comments

Extras

Top Quizzes Today


Score Distribution

Your Account Isn't Verified!

In order to create a playlist on Sporcle, you need to verify the email address you used during registration. Go to your Sporcle Settings to finish the process.

Report this User

Report this user for behavior that violates our Community Guidelines.

Details: